The Mathematica guidebook for programming / (Record no. 8472)

MARC details
000 -LEADER
fixed length control field 00688cam a22002294a 4500
001 - CONTROL NUMBER
control field 11972404
003 - CONTROL NUMBER IDENTIFIER
control field OSt
005 - DATE AND TIME OF LATEST TRANSACTION
control field 20240614120113.0
008 - FIXED-LENGTH DATA ELEMENTS--GENERAL INFORMATION
fixed length control field 000412s2004 nyua b 001 0 eng
010 ## - LIBRARY OF CONGRESS CONTROL NUMBER
LC control number 00030221
020 ## - INTERNATIONAL STANDARD BOOK NUMBER
International Standard Book Number 0387942823
040 ## - CATALOGING SOURCE
Original cataloging agency DDC
Transcribing agency MUST
042 ## - AUTHENTICATION CODE
Authentication code pcc
082 00 - DEWEY DECIMAL CLASSIFICATION NUMBER
Classification number 510.282 TRO 2004
Edition number 22
100 1# - MAIN ENTRY--PERSONAL NAME
Personal name Trott, Michael.
9 (RLIN) 17221
245 14 - TITLE STATEMENT
Title The Mathematica guidebook for programming /
260 ## - PUBLICATION, DISTRIBUTION, ETC. (IMPRINT)
Place of publication, distribution, etc. New York :
Name of publisher, distributor, etc. Telos-Springer,
Date of publication, distribution, etc. c2004.
300 ## - PHYSICAL DESCRIPTION
Extent xxxvii, 1028 p. :
Other physical details ill. ;
Dimensions 24cm
Accompanying material 1 CD-ROM (4 3/4 in.)
504 ## - BIBLIOGRAPHY, ETC. NOTE
Bibliography, etc Includes bibliographical references and index.
650 #0 - SUBJECT ADDED ENTRY--TOPICAL TERM
Topical term or geographic name as entry element Mathematica (Computer program language)
9 (RLIN) 17222
942 ## - ADDED ENTRY ELEMENTS (KOHA)
Source of classification or shelving scheme Dewey Decimal Classification
Koha item type Open Shelf
Holdings
Withdrawn status Lost status Source of classification or shelving scheme Damaged status Not for loan Home library Current library Date acquired Source of acquisition Inventory number Total Checkouts Full call number Barcode Date last seen Price effective from Koha item type
    Dewey Decimal Classification     MUST Main Library MUST Main Library 14/06/2024 Donation 09/31726   510.282 TRO 2004 2024-20516 14/06/2024 14/06/2024 Open Shelf